All Bugattis after 1990 - Statistics

General Stats
  • This quiz has been taken 45 times
  • The average score is 8 of 19
Answer Stats
Answer % Correct
Chiron
100%
Veyron
100%
Divo
62%
Bolide
59%
Centodieci
57%
Mistral
57%
La Voiture Noire
54%
Chiron Pur Sport
43%
Veyron Super Sport
43%
Chiron Super Sport 300+
38%
Veyron Grand Sport
30%
Chiron Sport
27%
EB110 SS
27%
Veyron Grand Sport Vitesse
16%
Chiron 110 Ans
11%
EB110 GT
11%
Chiron Edition Noire
5%
Chiron L’Ebe
5%
Chiron Sport Les Legendes Du Ciel
5%
No matching quizzes found
Score Distribution
Percent of People with Each Score
Percentile by Number Answered
Your Score History
You have not taken this quiz